| 000 | 00399nam a2200157Ia 4500 | ||
|---|---|---|---|
| 008 | 230917s9999||||xx |||||||||||||| ||und|| | ||
| 020 | _cRS100 | ||
| 040 |
_e29664 _aMAIN |
||
| 041 | _aEnglish | ||
| 082 | _a891.42092 K144B:K | ||
| 100 | _aSingh, Brahm Jagdish | ||
| 245 | 0 | _aKaramjit Singh: Jeevan ate rachna | |
| 260 |
_aAmritsar _bWaris Shah Foundation _c1995 |
||
| 300 | _a131 p. | ||
| 942 | _cBK | ||
| 999 |
_c80804 _d80804 |
||